00686cam a2200157 a 450008200350000024501400003526000500017530000830022550000510030850000200035950000500037952600370042952600370046665000080050370000170051100a358.295491bPAKcL-30,2, P168.00aHistory of the Corps of Engineers /ccompiled under the direction and authority of the engineer-in-chief, Army Headquarters, New Delhi. aNew Delhi :bPalit & Palit Publishers,c1980. avii, 510 p., [45] p. of plates :bill. (some col.), folded col. maps ;c23 cm. aForeword signed: J.S. Bawa, engineer-in-chief. aIncludes index. aSpine title: The Corps of Engineers, 1947-72. a0b0c0d358_295491000000000_PAK a0b0c0d358_295491000000000_PAK aMCE1 aBawa, J. S.,